000 00848nam a2200253Ia 4500
003 OSt
005 20220927110948.0
006 a|||||r|||| 00| 0
007 ta
008 220926b |||||||| |||| 00| 0 eng d
024 _a97661
037 _cReports
040 _aRTL
_cRTL
_beng
041 _2eng
_aeng
082 _a"X9(J):75p791,N54, J4"
110 _aRegional Meeting on Food and Agricultural Programmes and. Outlook in Latin America (3rd) (Buenos Asia (1954))
_9380984
245 0 _aReport
260 _aRome
_bFood and Agriculture Organization
_c1955
300 _a99p.
_ccm.
650 _aPlanning
700 _aRegional Meeting on Food and Agricultural Programmes and. Outlook in Latin America (3rd) (Buenos Asia (1954))
_9380985
942 _h"X9(J):75p791,N54, J4"
_cCC
999 _c698412
_d698412